000 00780nam a2200205 4500
001 148675
003 ES-MaACL
005 20230906202747.0
007 t|
008 070214s1905 fr r ||||1| fre d
100 1 _aSturm, Ch.
_9108514
245 1 0 _aCours d'analyse de l'École Polytechnique /
_cpar Ch. Sturm ; revu et corrigé par E. Prouhet ; et augmenté de la theorie élémentaire des fonctions eliptiques par H. Laurent.
250 _a13ème éd.
_brev. et mise au courant du nouveau programe de la licence par A. de Saint-Germain.
260 _aParis :
_bGauthier-Villars,
_c1905.
300 _a2 v. :
_bil. ;
_c22 cm.
700 1 _aProuhet, E.
_994054
700 1 _aLaurent, H.
_970629
700 1 _aSaint-Germain, A. de.
_9101524
852 _aES-MaACL
_jF-4023-24
999 _c148675
_d148675